লোডিং...

Twenty-ninth report commitee on public undertakings(1986-87)

গ্রন্থ-পঞ্জীর বিবরন
সংস্থা লেখক: Lok Sabha Secretariat
বিন্যাস: Printed Book
ভাষা:English
প্রকাশিত: New Delhi Lok Sabha Secretariat 1987
বিষয়গুলি:
LEADER 00585nam a22001697a 4500
005 20160820112739.0
008 100419t xxu||||| |||| 00| 0 eng d
082 |a (047.3)615  |b IND 
110 |a Lok Sabha Secretariat  |9 8468 
245 |a Twenty-ninth report commitee on public undertakings(1986-87) 
300 |a iv,88p 
653 |a pharmaceuticals 
942 |c BK  |6 _ 
260 |a New Delhi  |b Lok Sabha Secretariat  |c 1987 
500 |a Eighth loksabha 
999 |c 175787  |d 175787 
952 |0 0  |1 0  |2 ddc  |4 0  |6 0473615_IND  |7 0  |9 227681  |a DAE  |b DAE  |d 2010-04-19  |o (047.3)615 IND  |p ECO05577  |r 2016-08-20  |w 2016-08-20  |y BK